| 000 | 00360nam a2200145Ia 4500 | ||
|---|---|---|---|
| 008 | 191201s2008 xx 000 0 und d | ||
| 082 |
_a677.064 _bCOG |
||
| 100 | _aCOOKLIN, Gerry | ||
| 245 | 0 | _aGarment Technology for Fashion Design | |
| 250 | _a2nd | ||
| 260 |
_aN.Delhi _bBlackwell Science _c2008 |
||
| 300 | _a152 | ||
| 650 | _aB.Tech(TE) | ||
| 942 |
_2ddc _cBK |
||
| 999 |
_c2335 _d2335 |
||